00688cam a2200217 a 4500008004100000020002200041245008100063260005200144300004200196500002000238504004100258650002300299650002300322650002500345653002200370700002900392700002200421003000100443005001700444040000900461  a0521332869 (hbk.)04aThe Cambridge world history of human disease /cedited by Kenneth F. Kiple . aCambridge :bCambridge University Press,c1993. axxiv, 1176 p. :bill., maps ;c29 cm. aIncludes index. aIncludes bibliographical references. 0aMedicinexHistory. 0aMedical geography. 2aHistory of Medicine.0 aHumansaDiseases. aGraham, Rachael Rockell.1 aKiple, Kenneth F.20230120204112.0 cNUST